50 Biggest World Cities on a Map - Statistics

General Stats
  • This quiz has been taken 4,896 times
    84 since last reset
  • The average score is 44 of 50
Answers on the Map
Answers color-coded by a green-red scale on the quiz's map according to % correct below.
 
Answer Stats
Population City % Correct
23,200,000 Cairo
100%
9,800,000 Chicago
100%
29,800,000 Jakarta
100%
12,200,000 Lima
100%
15,400,000 London
100%
17,400,000 Los Angeles
100%
25,600,000 Mexico City
100%
19,100,000 Moscow
100%
22,600,000 New York
100%
11,600,000 Paris
100%
13,600,000 Rio de Janeiro
100%
10,800,000 Bogotá
98%
17,000,000 Buenos Aires
98%
22,700,000 São Paulo
98%
41,300,000 Tōkyō
98%
36,900,000 Delhi
97%
42,300,000 Shànghăi
97%
16,200,000 İstanbul
95%
21,900,000 Lagos
95%
27,100,000 Manila
95%
15,100,000 Johannesburg
94%
28,100,000 Mumbai
94%
22,400,000 Bangkok
92%
14,700,000 Ho Chi Minh City
92%
25,400,000 Seoul
92%
17,700,000 Ōsaka
91%
17,200,000 Tehrān
91%
21,800,000 Bĕijīng
89%
10,400,000 Luanda
89%
23,700,000 Dhaka
88%
73,600,000 Guăngzhōu
88%
21,800,000 Karāchi
88%
16,900,000 Kinshasa
88%
10,200,000 Taipei
88%
15,000,000 Lāhore
86%
12,900,000 Wŭhàn
85%
18,100,000 Kolkata
82%
12,100,000 Hyderābād
80%
13,700,000 Xī'ān
77%
15,300,000 Bangalore
75%
10,500,000 Nagoya
75%
18,300,000 Chéngdū
74%
13,300,000 Chennai
74%
11,800,000 Tiānjīn
74%
15,800,000 Xiàmén
72%
13,200,000 Chóngqìng
62%
10,200,000 Ahmedabad
57%
14,700,000 Hángzhōu
57%
11,600,000 Chángshā
52%
10,500,000 Zhèngzhōu
48%
No matching quizzes found
Score Distribution
Percent of People with Each Score
Percentile by Number Answered
Your Score History
You have not taken this quiz since the last reset